000 00590ngm a22002050a 4500
001 PT37402
003 AR-LpoUNG
005 20210202000509.0
007 vd cvaizq
008 191001ss. f||||ag |||||||||||||||||spa d
040 _aAR-LpoUNG
_bspa
_cAR-LpoUNG
_eaacr
041 _aspa
044 _aag
245 1 0 _aHablan los protagonistas
260 _aBuenos Aires :
_bREC TV,
_cs. f..
300 _aVHS : son., col., PAL
710 2 _aUniversidad Nacional de General Sarmiento (Buenos Aires). Instituto del Conurbano. Programa de Desarrollo Local
905 _a37402
942 _cVIDEO
999 _c54967
_d54967